| 000 | 00486nam a2200181Ia 4500 | ||
|---|---|---|---|
| 008 | 210719s2015 xx 000 0 und d | ||
| 041 | _akok | ||
| 082 | _a491.465 FERK | ||
| 100 | _aFERNAND (Valerian) | ||
| 245 | _aKonkni bhas vyakaran Ed 3 | ||
| 250 | _a3 | ||
| 260 |
_aManglur _bKarnataka Konkani Sahitya Akademy. _c2015 |
||
| 300 |
_aviii,99 _bPB |
||
| 365 |
_b100 _cRs |
||
| 650 | _aKonkani Grammar | ||
| 650 | _aKonkani Grammar | ||
| 906 | _a3 ; bhas ; Ed ; Konkni ; vyakaran | ||
| 999 |
_c215670 _d215670 |
||